Technogene und Mineralische Teilchenarten in den Festen Schneeproben in der Ziegelwerksnahe (Tomsk); Проблемы геологии и освоения недр; Т. 2
| Parent link: | Проблемы геологии и освоения недр: труды XVIII Международного симпозиума имени академика М. А. Усова студентов и молодых ученых, Томск, 7-11 апреля 2014 г./ Национальный исследовательский Томский политехнический университет (ТПУ), Институт природных ресурсов (ИПР) ; Общество инженеров-нефтяников, международная некоммерческая организация, Студенческий чаптер ; Проблемы геологии и освоения недр, Международный симпозиум ; под ред. А. Ю. Дмитриев.— , 2014 Т. 2.— [P. 749-750] |
|---|---|
| Hlavní autor: | |
| Korporace: | , |
| Další autoři: | , |
| Shrnutí: | Заглавие с экрана |
| Jazyk: | němčina |
| Vydáno: |
|
| Edice: | Geology, mining and petroleum engineering |
| Témata: | |
| On-line přístup: | http://earchive.tpu.ru/handle/11683/65821 http://www.lib.tpu.ru/fulltext/c/2014/C11/V2/358.pdf |
| Médium: | MixedMaterials Elektronický zdroj Kapitola |
| KOHA link: | https://koha.lib.tpu.ru/cgi-bin/koha/opac-detail.pl?biblionumber=608815 |
MARC
| LEADER | 00000naa2a2200000 4500 | ||
|---|---|---|---|
| 001 | 608815 | ||
| 005 | 20231101132527.0 | ||
| 035 | |a (RuTPU)RU\TPU\conf\6251 | ||
| 035 | |a RU\TPU\conf\6240 | ||
| 090 | |a 608815 | ||
| 100 | |a 20141014d2014 k y0rusy50 ba | ||
| 101 | 0 | |a ger | |
| 102 | |a RU | ||
| 105 | |a y z 100zy | ||
| 135 | |a drcn ---uucaa | ||
| 181 | 0 | |a i | |
| 182 | 0 | |a b | |
| 200 | 1 | |a Technogene und Mineralische Teilchenarten in den Festen Schneeproben in der Ziegelwerksnahe (Tomsk) |f S. I. Ganina |g Wiss. Ltr. A. W. Talowskaja, S. W. Kogut | |
| 203 | |a Текст |c электронный | ||
| 225 | 1 | |a Geology, mining and petroleum engineering | |
| 230 | |a 1 компьютерный файл (pdf; 625 Kb) | ||
| 300 | |a Заглавие с экрана | ||
| 320 | |a [Ref.: p. 750 (2 tit.)] | ||
| 337 | |a Adobe Reader | ||
| 461 | 1 | |0 (RuTPU)RU\TPU\conf\5590 |t Проблемы геологии и освоения недр |o труды XVIII Международного симпозиума имени академика М. А. Усова студентов и молодых ученых, Томск, 7-11 апреля 2014 г. |o в 2 т. |f Национальный исследовательский Томский политехнический университет (ТПУ), Институт природных ресурсов (ИПР) ; Общество инженеров-нефтяников, международная некоммерческая организация, Студенческий чаптер ; Проблемы геологии и освоения недр, Международный симпозиум ; под ред. А. Ю. Дмитриев |d 2014 | |
| 463 | 1 | |0 (RuTPU)RU\TPU\conf\5595 |t Т. 2 |v [P. 749-750] | |
| 610 | 1 | |a труды учёных ТПУ | |
| 610 | 1 | |a электронный ресурс | |
| 610 | 1 | |a минеральные частицы | |
| 610 | 1 | |a снега | |
| 610 | 1 | |a кирпичные заводы | |
| 610 | 1 | |a экологическая ситуация | |
| 610 | 1 | |a промышленные предприятия | |
| 610 | 1 | |a пробы | |
| 700 | 1 | |a Ganina |b S. I. | |
| 702 | 1 | |a Talowskaja |b A. W. |c geochemist |c Dozent der Polytechnischen Universität Tomsk, Kandidat der geologisch-mineralogischen Wissenschafte |f 1983- |g Anna Walerijevna |2 stltpush |4 727 | |
| 702 | 1 | |a Kogut |b S. W. |c Linguist |c Oberlehrer der Polytechnischen Universität Tomsk |f 1980- |g Swetlana Waleriewna |2 stltpush |4 727 | |
| 712 | 0 | 2 | |a Национальный исследовательский Томский политехнический университет (ТПУ) |b Институт природных ресурсов (ИПР) |b Кафедра гидрогеологии, инженерной геологии и гидрогеоэкологии (ГИГЭ) |h 100 |2 stltpush |3 (RuTPU)RU\TPU\col\18664 |
| 712 | 0 | 2 | |a Национальный исследовательский Томский политехнический университет (ТПУ) |b Институт природных ресурсов (ИПР) |b Кафедра иностранных языков (ИЯПР) |h 6735 |2 stltpush |3 (RuTPU)RU\TPU\col\18662 |
| 801 | 2 | |a RU |b 63413507 |c 20210916 |g RCR | |
| 856 | 4 | |u http://earchive.tpu.ru/handle/11683/65821 | |
| 856 | 4 | |u http://www.lib.tpu.ru/fulltext/c/2014/C11/V2/358.pdf | |
| 942 | |c BK | ||